000 02729nam a2200229Ia 4500
003 Ost
005 20260507075320.0
008 260507s9999||||xx |||||||||||||| ||und||
020 _a9789957123345
040 _cfsecg
041 _aara
082 _a657.867
100 _aالعشماوي، محمد عبد الفتاح
_eمؤلف
245 0 _aنظام التكاليف الصناعية لأغراض القياس و الرقابة /
_c محمد عبد الفتاح العشماوي
260 _aعمان:
_bاليازوري للنشر والتوزيع,
_c2011
300 _a416 صفحة؛
_bإيضاحات ؛
_c25 سم
504 _aببليوغرافيا: ص.415
520 _aمقدمة-القسم الأول: أساسيات الإنتاج المتصل وغير المتصل: الفصل الأول: المصطلحات الأساسية لتكاليف الإنتاج المتصل وغير المتصل-الفصل الثاني: آثار خصائص الصناعة على اختيار نظام التكاليف المناسب-القسم الثاني: المعالجة التكاليفية لنظام المراحل الإنتاجية: الفصل الأول: مقومات وإجراءات نظام تكاليف المراحل الإنتاجية-الفصل الثاني: المعالجة التكاليفية في حالة عدم وجود إنتاج غير تام أول وآخر الفترة مع عدم وجود إنتاج تالف-الفصل الثالث: المعالجة التكاليفية في حالة وجود إنتاج غير تام آخر المدة فقط-الفصل الرابع: المعالجة التكاليفية في حالة وجود إنتاج غير تام أول وآخر الفترة وغياب الإنتاج التالف-الفصل الخامس: المعالجة التكاليفية في حالة وجود إنتاج غير تام أول وآخر الفترة ووجود الإنتاج التالف-القسم الثالث: المعالجة التكاليفية لنظام الأوامر الإنتاجية قصيرة وطويلة الأجل: الفصل الأول: نظام الأوامر قصيرة الأجل-الفصل الثاني: نظام الأوامر الإنتاجية طويلة الأجل (عقود المقاولات)-القسم الرابع: المعالجة التكاليفية لنظام التكاليف المعيارية: الفصل الأول: مقومات إعداد معايير التكلفة-الفصل الثاني: تحليل انحرافات تكاليف العناصر-الفصل الثالث: نظام المراحل الإنتاجية على أساس معياري
653 _aالتكاليف الصناعية
653 _aالرقابة
942 _cكتاب
999 _c43917
_d43917